Internal cleansing : rid your body of toxins /

Bibliographic Details
Main Author: Berry, Linda
Format: Book
Language:English
Published: Roseville, Calif. : Prima Health, [2000]
Edition:Rev. 2nd ed.
Subjects:

MARC

Tag First Indicator Second Indicator Subfields
LEADER 00000cam a22000004a 4500
001 in00001604708
005 20151023051505.0
008 000714s2000 caua b 001 0 eng
010 |a  00058886  
020 |a 0761529322 
035 |a (OCoLC)ocm44632993 
040 |a DLC  |c DLC  |d TXA  |d UtOrBLW 
042 |a pcc 
049 |a TXAM 
050 0 0 |a RA1213  |b .B47 2000 
082 0 0 |a 613  |2 21 
100 1 |a Berry, Linda. 
245 1 0 |a Internal cleansing :  |b rid your body of toxins /  |c Linda Berry. 
250 |a Rev. 2nd ed. 
264 1 |a Roseville, Calif. :  |b Prima Health,  |c [2000] 
264 4 |c ©2000 
300 |a xix, 348 pages :  |b illustrations ;  |c 22 cm. 
336 |a text  |b txt  |2 rdacontent 
337 |a unmediated  |b n  |2 rdamedia 
338 |a volume  |b nc  |2 rdacarrier 
500 |a Includes index. 
504 |a Includes bibliographical references (pages 331-338) and index. 
650 0 |a Toxicology  |v Popular works. 
650 0 |a Health. 
994 |a E0  |b TXA 
948 |a cataloged  |b h  |c 2001/6/19  |d c  |e ceaton  |f 8:53:10 am 
999 |a MARS 
999 f f |s c8c4d62a-cdc5-34c7-a156-0e38dac76cf4  |i b15fd3fc-54d7-3f8b-83e8-e1750bd93a4e  |t 0 
952 f f |p ric  |a Texas A&M University  |b Rellis Campus  |c Joint Library Facility  |d Remote Storage  |t 0  |e RA1213 .B47 2000  |h Library of Congress classification  |i unmediated -- volume  |m A14827741886 
998 f f |a RA1213 .B47 2000  |t 0  |l Remote Storage